000 01105pam a2200313 a 4500
001 3524779
003 OSt
005 20230605110647.0
008 960502s1996 njuab b 001 0 eng
010 _a 96023126
020 _a1856494616 (hb.)
020 _a1856494624 (pbk.)
040 _aDLC
_cDLC
_dDLC
043 _af------
082 0 0 _a333.79/68/096
_220
100 1 _aBaguant, J.
245 1 0 _aTransport energy in Africa /
_c[J. Baguant, M. Teferra] ; edited and introduced by M.R. Bhagavan.
260 _aLondon ;
_aAtlantic Highlands, NJ :
_bZed Books,
_c1996.
300 _ax, 134 p. :
_bill., maps ;
_c23 cm.
504 _aIncludes bibliographical references and index.
650 0 _aTransportation
_xEnergy consumption
_zAfrica.
650 0 _aTransportation
_xEnergy conservation
_zAfrica.
700 1 _aTeferra, M.
700 1 _aBhagavan, M. R.,
_d1934-
710 1 _aAfrican Energy Policy Research Network.
906 _a7
_bcbu
_corignew
_d1
_eocip
_f19
_gy-gencatlg
942 _2ddc
_cBK
999 _c290
_d290